Psychology for teachers; (Record no. 11782)
[ view plain ]
| 000 -LEADER | |
|---|---|
| fixed length control field | 00800cam a2200229u 4500 |
| 001 - CONTROL NUMBER | |
| control field | 8278014 |
| 005 - DATE AND TIME OF LATEST TRANSACTION | |
| control field | 20161102151858.0 |
| 008 - FIXED-LENGTH DATA ELEMENTS--GENERAL INFORMATION | |
| fixed length control field | 830217s1930 nyua 000 0 eng |
| 010 ## - LIBRARY OF CONGRESS CONTROL NUMBER | |
| LC control number | 30006557 |
| 040 ## - CATALOGING SOURCE | |
| Original cataloging agency | DLC |
| Transcribing agency | CarP |
| Modifying agency | DLC |
| 050 00 - LIBRARY OF CONGRESS CALL NUMBER | |
| Classification number | LB1051 |
| Item number | .C35 |
| 082 ## - DEWEY DECIMAL CLASSIFICATION NUMBER | |
| Edition number | 22 |
| Classification number | 150 |
| Item number | FON |
| 100 1# - MAIN ENTRY--PERSONAL NAME | |
| Personal name | Collings, Ellsworth, |
| Dates associated with a name | 1887- [from old catalog] |
| 9 (RLIN) | 5966 |
| 245 10 - TITLE STATEMENT | |
| Title | Psychology for teachers; |
| Remainder of title | purposive behavior, |
| Statement of responsibility, etc | the foundation of learning, |
| 260 ## - PUBLICATION, DISTRIBUTION, ETC. (IMPRINT) | |
| Place of publication, distribution, etc | New York, |
| -- | Chicago [etc.] |
| Name of publisher, distributor, etc | C. Scribner's sons |
| Date of publication, distribution, etc | [c1930] |
| 300 ## - PHYSICAL DESCRIPTION | |
| Extent | xviii p., 2 l., |
| Other physical details | 3-475 p. illus., diagrs. |
| Dimensions | 20 cm. |
| 500 ## - GENERAL NOTE | |
| General note | Includes Index. |
| 650 #0 - SUBJECT ADDED ENTRY--TOPICAL TERM | |
| Topical term or geographic name as entry element | Behaviorism (Psychology) |
| 9 (RLIN) | 5968 |
| 650 #0 - SUBJECT ADDED ENTRY--TOPICAL TERM | |
| 9 (RLIN) | 5967 |
| Topical term or geographic name as entry element | Educational psychology |
| 700 1# - ADDED ENTRY--PERSONAL NAME | |
| Personal name | Wilson, Milbourne Otto, [from old catalog] |
| Relator term | joint author. |
| 9 (RLIN) | 5969 |
| 942 ## - ADDED ENTRY ELEMENTS (KOHA) | |
| Source of classification or shelving scheme | Dewey Decimal Classification |
| Item type | Book - Borrowing |
| Withdrawn status | Item status | Source of classification or shelving scheme | Damaged status | Not for loan | Vendor | Home library | Current library | Shelving location | Date acquired | Source of acquisition | Cost, normal purchase price | Serial Enumeration / chronology | Total Checkouts | Total Renewals | Full call number | Barcode | Date last seen | Date last borrowed | Koha item type |
|---|---|---|---|---|---|---|---|---|---|---|---|---|---|---|---|---|---|---|---|
| Dewey Decimal Classification | Central Library | Central Library | Lower Floor | 09/06/2009 | 122.50 | 7190 | 8 | 21 | 150 FON | 000016671 | 15/07/2025 | 09/10/2022 | Book - Borrowing |